00505nam a22001457a 4500008004100000020001800041082001100059100001600070245002000086260005500106300000900161942000800170999001500178952016600193260601b |||||||| |||| 00| 0 eng d a9789381275719 a001840 aP S Acharya aSrimadbhagvatam aBangalorebPoornaprajna Samshodhana Mandiramc2023 a909p 2ddc c1508d1508 00102ddc406001840_0000000000000007091863aKSUbKSUcGENd2025-03-06ePoornaprajna Samshodhana Mandirami12237l0o001840p001840r2026-06-01w2026-06-01yBK